000 00367pam a2200157a 44500
008 230515b1993 xxu||||| |||| 00| 0 eng d
020 _aNULL
041 _aENGLISH
082 _aN.D.
100 _aDas P.P.
245 _aComprehensive Guide To Problems & Solution On Pascal
250 _a0
260 _aNULL
_bJaico Pub.
_c1993
300 _a90
650 _aNULL
999 _c576070
_d576070